| 000 | 01255nam a2200205 4500 | ||
|---|---|---|---|
| 999 |
_c121163 _d121163 |
||
| 008 | 191120b2019 ||||| |||| 00| 0 eng d | ||
| 041 | _aeng | ||
| 110 | _aHammerson PLC. | ||
| 245 |
_aDelivering retail destinations with purpose _bHow Hammerson and retailers can collaborate to achieve shared sustainability ambition. _cExecutive summary |
||
| 520 | _aHammerson has committed to becoming Net Positive by 2030 in four areas with the greatest material sustainability impacts for its business: carbon, resource use, water and socio-economic factors... Highlights the findings of a workshop developed by Bioregional attended by Hammerson and representatives from its shopping centre tenants to address climate change issues. Four agreed collaborative measures include sustainability innovation forums led by Hammerson with representatives form tenants, adoption of circular fit out principles, a single data sharing platform to collate operational data and sustainable leases. | ||
| 650 | _aClimate change | ||
| 650 | _aResponsible business | ||
| 650 | _aValuetheplanet | ||
| 650 | _aRetail | ||
| 650 | _aShopping centres | ||
| 651 | _aUnited Kingdom 1973 | ||
| 690 |
_96271 _aSustainability |
||
| 710 | 2 | _aBioRegional | |
| 942 | _n0 | ||